Malezas 2015 : ciencia y producción: hacia un manejo racional /

Guardado en:
Autor Corporativo: Congreso Latinoamericano de Malezas Buenos Aires)
Formato: Libro
Idioma:Spanish
Publicado: Buenos Aires : Asociación Argentina de Ciencia de las Malezas : Asociación Latinoamericana de Malezas, 2015.
Acceso en línea:Actas
Etiquetas: Agregar Etiqueta
Sin Etiquetas, Sea el primero en etiquetar este registro!
LEADER 00921nam a22001575a 4500
001 EEA.libagro010630
005 20181011090101.0
008 160222s2015####ag############100#0#spa#d
111 2 |a Congreso Latinoamericano de Malezas  |n (22 :  |d 9 y 10 de septiembre 2015 :  |c Buenos Aires) 
245 1 0 |a Malezas 2015 :  |b ciencia y producción: hacia un manejo racional /  |c organizado por Asociación Latinoamericana de Malezas, ALAM y Asociación Argentina de Ciencia de las Malezas, ASACIM. 
260 |a Buenos Aires :  |b Asociación Argentina de Ciencia de las Malezas :  |b Asociación Latinoamericana de Malezas,  |c 2015. 
300 |a 329 p. ;  |c 28 cm. 
530 |a Disponible también en línea. 
811 2 |a Congreso Argentino de Malezas  |n (1 :  |d 9 y 10 de septiembre 2015 :  |c Buenos Aires) 
856 |u http://www.asacim.org.ar/wp-content/uploads/2016/07/ActasArgentina2015.pdf  |3 Actas 
859 |a AR-BbBCA  |b BIB. AGRONOMIA  |h 632.58  |i C749 22 2015  |p 2015/6633